[Event "VIE-ch U09 Girls"]
[Site "Ho Chi Minh City"]
[Date "2014.07.15"]
[Round "4"]
[White "Le, Nguyen My An"]
[Black "Phan, Luu Binh Minh"]
[Result "0-1"]
[WhiteElo "1607"]
[BlackElo "1579"]
[PlyCount "94"]
[EventDate "2014.07.13"]
[EventType "swiss"]
[EventRounds "9"]
[EventCountry "VIE"]
[SourceTitle "EXT 2016"]
[Source "ChessBase"]
[SourceDate "2015.10.08"]
[SourceVersion "1"]
[SourceVersionDate "2015.10.08"]
[SourceQuality "1"]

1. e4 e5 2. Nf3 Nc6 3. Bc4 Bc5 4. c3 Nf6 5. d3 d6 6. h3 h6 7. 0-0 0-0 8. b4 Bb6 9. b5 Na5 10. Na3 Nxc4 11. Nxc4 Be6 12. Nxb6 axb6 13. c4 Qd7 14. Bb2 c6 15. Re1 cxb5 16. cxb5 Rxa2 17. Rxa2 Bxa2 18. Qa1 Be6 19. d4 exd4 20. Bxd4 Qd8 21. e5 dxe5 22. Bxe5 Qe7 23. Rd1 Rd8 24. Nd4 Kh7 25. Nxe6 Rxd1+ 26. Qxd1 Qxe6 27. Qd3+ Kh8 28. Bc7 Nd5 29. Bg3 Nf6 30. f3 Nh5 31. Bf2 Qf6 32. g4 Nf4 33. Qc4 Nxh3+ 34. Kg2 Nxf2 35. Kxf2 Qe7 36. Qe4 Qc5+ 37. Qe3 Qxb5 38. Qe7 Qc5+ 39. Qxc5 bxc5 40. f4 Kg8 41. Ke3 Kf8 42. Kd3 b5 43. Kc3 b4+ 44. Kc4 Ke7 45. Kxc5 b3 46. Kc4 b2 47. Kc3 b1Q 0-1

[Event "VIE-ch U09 Girls"]
[Site "Ho Chi Minh City"]
[Date "2014.07.13"]
[Round "1"]
[White "Bui, Ngoc Phuong Nghi"]
[Black "Le, Nguyen My An"]
[Result "1-0"]
[WhiteElo "1575"]
[BlackElo "1607"]
[PlyCount "79"]
[EventDate "2014.07.13"]
[EventType "swiss"]
[EventRounds "9"]
[EventCountry "VIE"]
[SourceTitle "EXT 2016"]
[Source "ChessBase"]
[SourceDate "2015.10.08"]
[SourceVersion "1"]
[SourceVersionDate "2015.10.08"]
[SourceQuality "1"]

1. d4 d5 2. Nf3 Nc6 3. g3 Bg4 4. Bg2 e6 5. 0-0 Bb4 6. b3 Ba5 7. Bb2 Nf6 8. Nbd2 Bxd2 9. Qxd2 0-0 10. e3 h6 11. Ne5 Nxe5 12. dxe5 Ne4 13. Qb4 Rb8 14. f3 Nd2 15. Qxd2 Bh5 16. Rfd1 f6 17. exf6 gxf6 18. Qd4 Qe7 19. Qxa7 e5 20. Ba3 Qf7 21. Bxf8 Qxf8 22. Rxd5 c6 23. Rd7 Qc8 24. Rad1 Ra8 25. Qxa8 Qxa8 26. Rd8+ Qxd8 27. Rxd8+ Kf7 28. Rd7+ Ke6 29. Rxb7 Bg6 30. c4 Bb1 31. a4 Kd6 32. a5 c5 33. a6 Kc6 34. Rb5 Kc7 35. a7 Kc8 36. a8Q+ Kc7 37. Rxc5+ Kb6 38. Qa5+ Kb7 39. Rc7+ Kb8 40. Qa7# 1-0